| 000 | 01152nam0a2200325 i 4500 | ||
|---|---|---|---|
| 001 | RU\NLR\BIBL_A\010734428 | ||
| 005 | 20241105153123.0 | ||
| 010 |
_a9785906787057 _9300 |
||
| 021 |
_aRU _b2015-16502 _9994 |
||
| 035 | _a(NILC)RuMoRGB-007888537 | ||
| 035 | _a(NLR Aleph) 010734428 | ||
| 090 |
_a9876338 _c9876338 |
||
| 100 | _a20150420d2015 u y0rusy50 ca | ||
| 101 | 0 | _arus | |
| 102 | _aRU | ||
| 105 | _aa|||z|||000zy | ||
| 200 | 1 |
_aПока мы помним… _fВалерия Суворова |
|
| 210 |
_aМосква _cУ Никитских ворот _d2015 |
||
| 215 |
_a109, [1] с., [3] л. ил., цв. ил., портр. _d21 |
||
| 320 | _aБиблиогр. в конце кн. | ||
| 600 | 1 |
_aСуворов _bМ.И. _f1930 - 1998 _gМихаил Иванович _91574132 _3RU\NLR\AUTH\66989551 |
|
| 686 | 1 | _aШ5(2=Р)7-4Суворов М.И. | |
| 686 | 1 | _aЧ433.3(2)7-8Суворов | |
| 700 | 1 |
_aСуворова _bВ. М. _gВалерия Михайловна |
|
| 801 | 0 |
_aRU _bРГБ _c20150317 _gRCR |
|
| 801 | 1 |
_aRU _bРГБ _c20150317 _2rusmarc |
|
| 942 | _cBOOK | ||
| 980 | _aNBR | ||